000 00612nam a2200229Ia 4500
003 OSt
005 20220924114903.0
006 a|||||r|||| 00| 0
007 ta
008 220923b |||||||| |||| 00| 0 ara d
024 _a345185
037 _cTextual
040 _aARTS
_cARTS
_bara
041 _2ara
_aara
082 _aV677.M3, 28K8
245 0 _aNihayat-al-hijaz fi sirat sakin-al-hijaz
260 _aCairo
_bMatba-i-al-madaris Egypt
_c1968
300 _a531p.
_ccm.
650 _aEGYPT - HISTORY
_936564
942 _hV677.M3, 28K8
_cTEXL
_2CC
999 _c395812
_d395812